000 00663nam a2200205 a 4500
001 BRCA_2787
005 20190320203953.0
008 081208s1959----it-a---###---#000-0#ita-u
050 4 _aN6923
_b.C19 1959
100 1 _aCampos, D. Redig de
_97832
245 1 0 _aCappella Sistina
_cD. Redig de Campos.
260 _aItalia
_bInstituto Geográfico de Agostini
_c1959
300 _a1 v. (sin paginación)
_bil. (algunas a color), 44 láminas
_c40 cm.
500 _aAA95
546 _aTexto en: alemán, francés, inglés y español.
600 1 4 _aBuonarroti, Michel Angelo
_d1475-1564
_97833
650 1 4 _aPintores italianos
_97654
902 _aGFM
942 _2lcc
_cB
999 _c2527
_d2527